Представление документа в формате MARC21

Поле Инд. ПП Название Значение
Тип записи a
Библиографический уровень m
001 Контрольный номер e9d0ba7e-2462-49b5-93b1-d57af32d121d
005 Дата корректировки 20140226153342.6
008 Кодируемые данные 010202 d
020 a ISBN 5-85009-126-2
c Цена, тираж 5.00
040 a Служба первич. каталог. RU-RKP
040 a Служба первич. каталог. НБ ТвГУ
041 a Код языка текста rus
080 a Индекс УДК 613.88
084 a Индекс другой классификации/Индекс ББК Р702
090 x Авторский знак В53
a Полочн. индекс Р702
100 1_ a Автор Вислоцкая Михалина
245 10 a Заглавие Искусство любви
b Продолж. заглавия 20 лет спустя : [Пер. с польского]
c Ответственность Михалина Вислоцкая; [Послесл. Н. Б. Коростелева; Коммент. Т. В. Первовой]
260 0_ a Место издания Москва
b Издательство Советский спорт
c Дата издания 1990
300 a Объем 319 с.
b Иллюстрации/ тип воспроизводства ил.
c Размеры 20 см
440 a Серия Здоровый образ жизни
500 a Примечание Перевод изд.: Sztuka kochania/ Michalina Wistocka (Warszawa, 1988).
650 a Основная рубрика Половая жизнь
650 a Основная рубрика Сексология
653 a Ключевые слова Гигиена половой жизни
a Ключевые слова Половая жизнь
a Ключевые слова Сексология
700 1_ a Другие авторы Коростелев Николай Борисович
e Роль лиц авт. вступ. ст.
852 t Порядковый номер экземпляра 11
p Инвентарный номер 614986
p Инвентарный номер 614996
p Инвентарный номер 614995
p Инвентарный номер 614994
p Инвентарный номер 614993
p Инвентарный номер 614992
p Инвентарный номер 614991
p Инвентарный номер 614990
p Инвентарный номер 614989
p Инвентарный номер 614988
p Инвентарный номер 614987
852 t Порядковый номер экземпляра 1
p Инвентарный номер 614997
852 t Порядковый номер экземпляра 1
p Инвентарный номер 614998
852 t Порядковый номер экземпляра 1
p Инвентарный номер 615000
954 a Дата поступления на обработку 20000704
999 a Подразделение 2 Фил3
a Подразделение 2 Фил1
a Подразделение 2 Фил2
a Подразделение 2 ч.з.